<?xml version="1.0" encoding="UTF-8"?>
<record
    xmlns:xsi="http://www.w3.org/2001/XMLSchema-instance"
    xsi:schemaLocation="http://www.loc.gov/MARC21/slim http://www.loc.gov/standards/marcxml/schema/MARC21slim.xsd"
    xmlns="http://www.loc.gov/MARC21/slim">

  <leader>01400nam a22002297a 4500</leader>
  <controlfield tag="008">170610s2016        cl||||| |||| 00| 0 spa d</controlfield>
  <datafield tag="020" ind1=" " ind2=" ">
    <subfield code="a">9789563627046</subfield>
  </datafield>
  <datafield tag="082" ind1="0" ind2="4">
    <subfield code="a">707</subfield>
    <subfield code="b">C578d</subfield>
  </datafield>
  <datafield tag="110" ind1="1" ind2=" ">
    <subfield code="a">Circuito Espacios Dom&#xE9;sticos (CED).</subfield>
    <subfield code="9">5815</subfield>
  </datafield>
  <datafield tag="245" ind1="1" ind2="4">
    <subfield code="a">Del mapa a la casa :</subfield>
    <subfield code="b">experiencias de autodeterminaci&#xF3;n en el territorio del arte /</subfield>
    <subfield code="c">Circuito Espacios Dom&#xE9;sticos (CED).</subfield>
  </datafield>
  <datafield tag="250" ind1=" " ind2=" ">
    <subfield code="a">1a ed.</subfield>
  </datafield>
  <datafield tag="260" ind1=" " ind2=" ">
    <subfield code="a">Valpara&#xED;so, Chile :</subfield>
    <subfield code="b">CED,</subfield>
    <subfield code="c">2016.</subfield>
  </datafield>
  <datafield tag="300" ind1=" " ind2=" ">
    <subfield code="a">132 p&#xE1;ginas :</subfield>
    <subfield code="b">ilustraciones en color.</subfield>
  </datafield>
  <datafield tag="505" ind1="0" ind2=" ">
    <subfield code="t">Eko-nom&#xED;as / Apuntes sobre imaginarios dom&#xE9;sticos lacaza-elpan-latierra-elmar-vida-muerte-magia-caos-papas-arroz-fideos</subfield>
    <subfield code="r">Jocelyn Mu&#xF1;oz.</subfield>
    <subfield code="t">"Qu&#xE9; est&#xE1;s haciendo con tu vida"</subfield>
    <subfield code="r">Carlos Silva-Nancy Mansilla.</subfield>
    <subfield code="t">Preludio para una gen&#xE9;tica de los espacios art&#xED;sticos colaborativos en Valpara&#xED;so </subfield>
    <subfield code="r">Carol Illanes.</subfield>
    <subfield code="t">Cultura implosiva: pr&#xE1;cticas locales de autoconservaci&#xF3;n</subfield>
    <subfield code="r">Franciso Gabler.</subfield>
    <subfield code="t">Valpara&#xED;so DO IT YOURSELF, realidad 3D o la ciudad ideal para Henry David Thoreau</subfield>
    <subfield code="r">Rosa Apablaza.</subfield>
    <subfield code="t">Clases de suertes</subfield>
    <subfield code="r">Juan Jos&#xE9; Santos.</subfield>
    <subfield code="t">Circuito Espacios Dom&#xE9;sticos CED: -&#xC1;ncora -Espacio G. -G&#xE1;lvez Inc. -La Pan -Nekoe -Posada de Mar&#xED;a -Worm.</subfield>
  </datafield>
  <datafield tag="653" ind1="1" ind2="0">
    <subfield code="a">Arte contempor&#xE1;neo</subfield>
  </datafield>
  <datafield tag="653" ind1="1" ind2="0">
    <subfield code="a">Arte - Chile</subfield>
  </datafield>
  <datafield tag="653" ind1="1" ind2="0">
    <subfield code="a">Arte comunitario</subfield>
  </datafield>
  <datafield tag="653" ind1="1" ind2="0">
    <subfield code="a">Intervenci&#xF3;n art&#xED;stica</subfield>
  </datafield>
  <datafield tag="653" ind1="1" ind2="0">
    <subfield code="a">Proyectos art&#xED;sticos</subfield>
  </datafield>
  <datafield tag="653" ind1="1" ind2="0">
    <subfield code="a">Espacios art&#xED;sticos</subfield>
  </datafield>
  <datafield tag="653" ind1="1" ind2="0">
    <subfield code="a">Colaboraci&#xF3;n art&#xED;stica</subfield>
  </datafield>
  <datafield tag="999" ind1=" " ind2=" ">
    <subfield code="c">1195</subfield>
    <subfield code="d">1195</subfield>
  </datafield>
  <datafield tag="952" ind1=" " ind2=" ">
    <subfield code="0">0</subfield>
    <subfield code="1">0</subfield>
    <subfield code="2">ddc</subfield>
    <subfield code="4">0</subfield>
    <subfield code="7">0</subfield>
    <subfield code="a">LV</subfield>
    <subfield code="b">LV</subfield>
    <subfield code="c">Monograf&#xED;as</subfield>
    <subfield code="d">2017-06-10</subfield>
    <subfield code="l">0</subfield>
    <subfield code="o">707 C578d</subfield>
    <subfield code="p">004326</subfield>
    <subfield code="r">2017-06-10 00:00:00</subfield>
    <subfield code="w">2017-06-10</subfield>
    <subfield code="y">01</subfield>
  </datafield>
</record>
